Exonymous Rivers Quiz Stats

 Plays Quiz Updated Jul 12, 2019

Score 0/14 Timer 06:00
1 Play Today
Local name (endonym) English name (exonym) % Correct
an-NīlNile
96.3%
Huang He / Hwang HoYellow River
73.9%
Rhein / RijnRhine
73.3%
Donau / Duna / Dunav / DunăreDanube
64.9%
Chang Jiang Yangtze
52.1%
Nahr ul-FurātEuphrates
41.7%
Nahr DijlahTigris
40.6%
Local name (endonym) English name (exonym) % Correct
an-Nīl al-Āzraq / AbbaiBlue Nile
26.2%
TevereTiber
21.5%
WisłaVistula
15.6%
Jeliba / Isa Ber Niger
14.4%
Tajo / TejoTagus
12%
Zhu JiangPearl River
8%
Nu Gariep / Senqu *Orange River
5.4%

You're not logged in!

Compare scores with friends on all Sporcle quizzes.
OR
Log In

Sporcle TV

Today on Sporcle TV


Watch our educational content, quiz creation guides, and fun videos on Sporcle TV.

Show Comments

Extras

Top Quizzes Today


Score Distribution

Your Account Isn't Verified!

In order to create a playlist on Sporcle, you need to verify the email address you used during registration. Go to your Sporcle Settings to finish the process.

Report this User

Report this user for behavior that violates our Community Guidelines.

Details: